LDR 00565naa#a2200181#i#450# 001 EN\\bibl\121194 005 20260513052023.3 011 ## _a2409-1073 100 ## _a20141121b2014####ek#y0engy0150####ca 101 0# _aRUS 102 ## _aRU 200 1# _aAudit Quality Check in Russia _eJournal article 210 1# _aMoscow _cNational Research University of Electronic Technology _d2014 215 ## _a8 с. 608 ## _aJournal article _2local 675 ## _aПроверка отчетности. Аудит. Ревизия. 657.6 _zRUS 700 #1 _aRybakova _gO M 856 4# _aesgi-journal.ru _u